=LDR 00000nam 2200000 4500 =001 INLIS000000000021094 =005 20130612120003 =008 ***********************************Ind** =035 ##$$0010-061300000021094 =041 ##$$a Ind =082 ##$$a 304.2 =090 ##$$a 304.2, Fil f =100 ##$$a Skolimowski, Henry =245 ##$$a Filsafat lingkungan, Henryk Skolimowski =260 ##$$a 1981 $b Yogyakarta =300 ##$$a 164 hlm, 21 cm =650 ##$$a Filsafat =850 ##$$a NBPNMAT =990 ##$$a 0001/BPAP-NTB/2015